25/26 Premier League Squad - Statistics

General Stats
  • This quiz has been taken 565 times
  • The average score is 51 of 400
Answer Stats
Club Nationality Name % Correct
Portugal Jose Sa
93%
Liverpool Sweden Alexander Isak
90%
Egypt Mohamed Salah
87%
France Hugo Ekitike
80%
Netherlands Virgil van Dijk
79%
Germany Florian Wirtz
73%
France Ibrahima Konate
72%
Argentina Alexis Mac Allister
71%
Brazil Alisson
71%
Italy Federico Chiesa
71%
Hungary Dominik Szoboszlai
69%
Hungary Milos Kerkez
69%
Netherlands Cody Gakpo
68%
Wales Connor Roberts
68%
Japan Wataru Endo
68%
Scotland Andrew Robertson
66%
Arsenal Sweden Viktor Gyokeres
66%
Netherlands Jeremie Frimpong
62%
Netherlands Ryan Gravenberch
62%
Northern Ireland Connor Bradley
61%
Norway Martin Odegaard
59%
England Bukayo Saka
58%
England Curtis Jones
57%
Manchester City Norway Erling Haaland
55%
England Joe Gomez
55%
England Declan Rice
54%
Belgium Leandro Trossard
54%
France William Saliba
53%
Spain David Raya
51%
Brazil Gabriel Magalhaes
51%
Netherlands Jurrien Timber
49%
Germany Kai Havertz
49%
Spain Martin Zubimendi
46%
Georgia Giorgi Mamardashvili
45%
Italy Riccardo Calafiori
45%
England Ben White
44%
England Morgan Gibbs-White
44%
England Eberechi Eze
41%
Spain Mikel Merino
40%
Egypt Omar Marmoush
40%
England Phil Foden
38%
Netherlands Micky van de Ven
37%
England Myles Lewis-Skelly
36%
Ecuador Piero Hincapie
36%
Portugal Bruno Fernandes
34%
Belgium Jeremy Doku
34%
Spain Kepa Arrizabalaga
34%
Portugal Bernardo Silva
33%
Italy Gianluigi Donnarumma
32%
England Noni Madueke
32%
France Rayan Cherki
32%
Spain Rodri
31%
Brazil Savinho
30%
England Cole Palmer
29%
Croatia Josko Gvardiol
28%
Portugal Ruben Dias
28%
Argentina Enzo Fernandez
25%
England Ethan Nwaneri
25%
Ecuador Moises Caicedo
25%
Croatia Mateo Kovacic
24%
Netherlands Nathan Ake
24%
England James Trafford
23%
England John Stones
23%
Portugal Matheus Nunes
23%
Chelsea Brazil Joao Pedro
22%
Portugal Pedro Neto
22%
Algeria Rayan Ait-Nouri
22%
Netherlands Tijani Reijnders
22%
Manchester United Slovenia Benjamin Sesko
18%
Cameroon Bryan Mbeumo
18%
Brazil Casemiro
18%
New Zealand Chris Wood
18%
Wolverhampton Norway Jorgen Strand Larsen
17%
England Liam Delap
17%
Denmark Patrick Dorgu
17%
Colombia Yerson Mosquera
17%
Argentina Alejandro Garnacho
16%
Nigeria Alex Iwobi
16%
England Callum Wilson
16%
Portugal Diogo Dalot
16%
Wales Harry Wilson
16%
Brazil Joao Gomes
16%
England Kiernan Dewsbury-Hall
16%
England Lewis Hall
16%
Spain Nico Gonzalez
16%
England Nico O’Reilly
16%
Mexico Raul Jimenez
16%
Spain Robert Sanchez
16%
Portugal Rodrigo Gomes
16%
Netherlands Sepp van den Berg
16%
Newcastle DR Congo Yoane Wissa
16%
England Dan Burn
15%
Denmark Jacob Bruun Larsen
15%
Brazil Matheus Cunha
15%
Fulham Brazil Rodrigo Muniz
15%
Spain Alex Jimenez
14%
Brazil Andrey Santos
14%
Argentina Cristian Romero
14%
Italy Guglielmo Vicario
14%
England Harry Maguire
14%
Belgium Senne Lammens
14%
Nigeria Calvin Bassey
13%
Crystal Palace France Jean Philippe-Mateta
13%
England Marc Guehi
13%
Cote d’Ivoire Amad Diallo
12%
Sweden Anthony Elanga
12%
United States Antonee Robinson
12%
Germany Bernd Leno
12%
Wales Brennan Johnson
12%
Colombia Daniel Munoz
12%
Senegal Ismaila Sarr
12%
Argentina Lisandro Martinez
12%
Uruguay Manuel Ugarte
12%
Germany Nick Woltemade
12%
Aston Villa England Ollie Watkins
12%
Senegal Pape Matar Sarr
12%
Italy Sandro Tonali
12%
Ghana Antoine Semenyo
11%
Argentina Emiliano Martinez
11%
Brazil Estevao
11%
England Jacob Murphy
11%
England Kieran Trippier
11%
France Malo Gusto
11%
Spain Marc Cucurella
11%
England Adam Wharton
10%
France Alphonse Areola
10%
Belgium Amadou Onana
10%
Everton Guinea-Bissau Beto
10%
Brazil Bruno Guimaraes
10%
Wales Daniel James
10%
England Dean Henderson
10%
Tottenham Hotspur England Dominic Solanke
10%
England Jack Grealish
10%
England Jarrod Bowen
10%
Denmark Joachim Andersen
10%
England Jordan Henderson
10%
England Jordan Pickford
10%
Japan Kaoru Mitoma
10%
Netherlands Matthijs de Ligt
10%
Belgium Matz Sels
10%
France Maxence Lacroix
10%
England Morgan Rogers
10%
England Nick Pope
10%
Spain Pedro Porro
10%
England Reece James
10%
Belgium Romeo Lavia
10%
Norway Sander Berge
10%
Czech Republic Tomas Soucek
10%
Netherlands Xavi Simons
10%
Japan Daichi Kamada
9%
Denmark Filip Jorgensen
9%
England Harvey Barnes
9%
England Harvey Eliott
9%
England Jamie Gittens
9%
Netherlands Kenny Tete
9%
Brazil Kevin
9%
Czech Republic Ladislav Krejci
9%
England Lewis Dunk
9%
DR Congo Aaron Wan-Bissaka
8%
England Adam Smith
8%
Cameroon Carlos Baleba
8%
England Ezri Konsa
8%
Brentford Brazil Igor Thiago
8%
France Jean-Clair Todibo
8%
Brazil Joelinton
8%
Netherlands Jorrel Hato
8%
Austria Kevin Danso
8%
England Kobbie Mainoo
8%
England Kyle Walker
8%
Sweden Lucas Bergvall
8%
Ghana Mohammed Kudus
8%
France Randal Kolo Muani
8%
Belgium Timothy Castagne
8%
England Tino Livramento
8%
England Trevoh Chalobah
8%
England Alex Scott
7%
England Danny Welbeck
7%
Switzerland Fabian Schar
7%
Brighton France Georginio Rutter
7%
England Jacob Ramsey
7%
Netherlands Jan Paul van Hecke
7%
France Leny Yoro
7%
England Luke Shaw
7%
Poland Matty Cash
7%
Spain Pau Torres
7%
Serbia Sasa Lukic
7%
Netherlands Sven Botman
7%
England Tyrick Mitchell
7%
England Tyrone Mings
7%
Turkiye Altay Bayindir
6%
Czech Republic Antonin Kinsky
6%
England Archie Gray
6%
Croatia Borna Sosa
6%
Ireland Caoimhin Kelleher
6%
Nigeria Christantus Uche
6%
Senegal El Hadji Malick Diouf
6%
Bournemouth Brazil Evanilson
6%
England Jadon Sancho
6%
Netherlands Joshua Zirkzee
6%
France Lucas Digne
6%
Brazil Lucas Perri
6%
Denmark Mads Hermansen
6%
France Mathys Tel
6%
France Maxime Esteve
6%
Ireland Nathan Collins
6%
Sweden Yasin Ayari
6%
Belgium Youri Tielemans
6%
England Aaron Ramsdale
5%
France Adrien Truffert
5%
England Anthony Gordon
5%
France Benjamin Lecomte
5%
Burkina Faso Bertrand Traore
5%
United States Chris Richards
5%
England Emile Smith Rowe
5%
Jamaica Ethan Pinnock
5%
Switzerland Granit Xhaka
5%
Netherlands Ian Maatsen
5%
Ireland Jake O’Brien
5%
Colombia Jefferson Lerma
5%
Scotland John McGinn
5%
Germany Kevin Schade
5%
Brazil Lucas Paqueta
5%
Germany Malick Thiaw
5%
ZImbabwe Marshall Munetsi
5%
Denmark Mathias Jensen
5%
England Nathaniel Clyne
5%
France Thierno Barry
5%
Ukraine Vitaliy Mykolenko
5%
France Wesley Fofana
5%
Gambia Yankuba Minteh
5%
Germany Anton Stach
4%
Burnley Albania Armando Broja
4%
England Dominic Calvert-Lewin
4%
England Elliot Anderson
4%
England Harrison Reed
4%
France Issa Diop
4%
England Jason Steele
4%
England Josh King
4%
Argentina Marcos Senesi
4%
Slovakia Martin Dubravka
4%
England Mason Mount
4%
Italy Michael Kayode
4%
England Michael Keane
4%
West Ham Germany Niclas Fullkrug
4%
Morocco Noussair Mazraoui
4%
Netherlands Robin Roefs
4%
England Tosin Adarabioyo
4%
France Wilson Isidor
4%
France Bafode Diakite
3%
Sunderland Netherlands Brian Brobbey
3%
Morocco Chemsdine Talbi
3%
Northern Ireland Dan Ballard
3%
Sweden Dejan Kulusevski
3%
England Djed Spence
3%
Serbia Djordje Petrovic
3%
England Dwight McNeil
3%
England Eddie Nketiah
3%
Spain Hugo Bueno
3%
Senegal Idrissa Gueye
3%
Wales Joe Rodon
3%
England Joe Willock
3%
Netherlands Justin Kluivert
3%
England Lewis Cook
3%
England Marcus Tavernier
3%
Brazil Murillo
3%
Wales Neco Williams
3%
Serbia Nikola Milenkovic
3%
Nigeria Ola Aina
3%
Ukraine Oleksandr Zinchenko
3%
Scotland Ryan Christie
3%
Nigeria Samuel Chukwueze
3%
Uruguay Santiago Bueno
3%
Portugal Toti
3%
Northern Ireland Trai Hume
3%
Sweden Victor Lindelof
3%
Brazil Andre
2%
Netherlands Bart Verbruggen
2%
Scotland Ben Doak
2%
Burkina Faso Dango Ouattara
2%
Italy Destiny Udogie
2%
France Enzo Le Fee
2%
Senegal Habib Diarra
2%
South Korea Hee-chan Hwang
2%
France Illan Meslier
2%
England Jaidon Anthony
2%
England James Garner
2%
England James Milner
2%
Haiti Jean-Ricner Bellegarde
2%
Portugal Joao Palhinha
2%
Greece Konstantinos Mavropanos
2%
England Marcus Edwards
2%
Belgium Maxim De Cuyper
2%
Denmark Mikkel Damsgaard
2%
Switzerland Noah Okafor
2%
France Nordi Mukiele
2%
Paraguay Omar Alderete
2%
Netherlands Pascal Struijk
2%
Uruguay Rodrigo Bentancur
2%
United States Tyler Adams
2%
Morocco Amine Adli
1%
England Anthony Patterson
1%
Japan Ao Tanaka
1%
Nottingham Forest France Arnaud Kalimuendo
1%
France Boubacar Kamara
1%
Germany Brajan Gruda
1%
United States Brenden Aaronson
1%
Morocco Chadi Riad
1%
England Chris Rigg
1%
Netherlands Crysencio Summerville
1%
Switzerland Dan Ndoye
1%
Norway David Moller Wolfe
1%
France Dilane Bakwa
1%
Netherlands Donyell Malen
1%
Brazil Douglas Luiz
1%
Spain Eliezer Mayenda
1%
Turkiye Enes Unal
1%
Wales Ethan Ampadu
1%
France Evann Guessand
1%
Portugal Fabio Carvalho
1%
Turkiye Ferdi Kadioglu
1%
Spain Fer Lopez
1%
Portugal Florentino
1%
Sweden Gabriel Gudmundsson
1%
Argentina Guido Rodriguez
1%
Iceland Hakon Valdimarsson
1%
Sweden Hjalmar Ekdal
1%
Cote d’Ivoire Ibrahim Sangare
1%
Brazil Igor Julio
1%
Senegal Iliman Ndiaye
1%
Slovenia Jaka Bijol
1%
England James Tarkowski
1%
Leeds Netherlands Joel Piroe
1%
Netherlands Joel Veltman
1%
Ireland Josh Cullen
1%
Mexico Julio Soler
1%
Norway Kristoffer Ajer
1%
England Kyle Walker-Peters
1%
France Loum Tchaouna
1%
Brazil Luis Guilherme
1%
Germany Lukas Nmecha
1%
Netherlands Marco Bizot
1%
Ireland Mark Travers
1%
Netherlands Mats Wieffer
1%
England Maximilian Killman
1%
Germany Max Weiss
1%
Scotland Nathan Patterson
1%
DR Congo Noah Sadiki
1%
England Omari Hutchinson
1%
Mozambique Reinildo Mandava
1%
England Sam Johnstone
1%
Ireland Seamus Coleman
1%
England Sean Longstaff
1%
Cote d’Ivoire Simon Adingra
1%
Greece Stefanos Tzimas
1%
Nigeria Tolu Arokodare
1%
England Tyler Dibling
1%
Serbia Veljko Milosavljevic
1%
Italy Wilfried Gnonto
1%
England Will Dennis
1%
Cote d’Ivoire Willy Boly
1%
Scotland Aaron Hickey
0%
Scotland Andrew Irving
0%
Netherlands Antoni Milambo
0%
DR Congo Axel Tuanzebe
0%
England Callum Hudson-Odoi
0%
Argentina Carlos Alcaraz
0%
Mali Cheick Doucoure
0%
England Dennis Cirkin
0%
Italy Diego Coppola
0%
Cote d’Ivoire Emmanuel Agbadou
0%
Tunisia Hannibal
0%
England Jack Harrison
0%
England Jack Hinshelwood
0%
England James Justin
0%
England James McAtee
0%
England James Ward-Prowse
0%
England Jarrad Branthwaite
0%
England Jayden Bogle
0%
Colombia Jhon Arias
0%
England Joe Worrall
0%
Brazil John Victor
0%
Germany Jordan Beyer
0%
England Keane Lewis-Potter
0%
France Lesley Ugochukwu
0%
Netherlands Lutsharel Geertruida
0%
Ireland Matt Doherty
0%
Belgium Mike Tresor
0%
Argentina Nicolas Dominguez
0%
France Olivier Boscagli
0%
Netherlands Quilindschy Hartman
0%
England Rico Henry
0%
England Ryan Sessegnon
0%
France Soungoutou Magassa
0%
Nigeria Taiwo Awoniyi
0%
England Tim Iroegbunam
0%
Germany Vitaly Janelt
0%
Argentina Walter Benitez
0%
England Will Hughes
0%
Ukraine Yegor Yarmolyuk
0%
Spain Yeremy Pino
0%
No matching quizzes found
Score Distribution
Percent of People with Each Score
Percentile by Number Answered
Your Score History
You have not taken this quiz